000 00789nam a2200253Ia 4500
003 OSt
005 20260417173107.0
006 a|||||r|||| 00| 0
007 ta
008 220926b |||||||| |||| 00| 0 hin d
024 _a8434
037 _cTheses
040 _aCRL
_cCRL
_bhin
041 _2hin
_ahin
100 _aBharti Nayan
_9528382
110 _aUniversity of Delhi. Faculty of Music and Fine Arts. Department of Music
_9520437
245 0 _aUstad Chand Khan Sahib-Vayaktitav va kartitav
260 _c1997
650 _aMUSIC
_917402
700 _a Prof Krishna Bisht Gu.
_9528383
700 _aUniversity of Delhi. Faculty of Music and Fine Arts. Department of Music
_9520438
942 _cTH
_2CC
999 _c862277
_d862277